000 00888 a2200301 4500
001 200467050
003 TR-AnTOB
005 20260116095056.0
008 121012r19632008tu 000 0
020 _a9789750501982
040 _aTR-AnTOB
_beng
_cTR-AnTOB
_erda
041 _atur
050 _aPL248.B84
_bK8 2008
090 _aPL248.B84 K8 2008
100 1 _aBuğra, Tarık,
_d1918-1994
_99309
245 1 0 _aKüçük Ağa /
_cTarık Buğra.
264 1 _aİstanbul :
_bİletişim,
_c2008
300 _a477 p. ;
_c20 cm.
336 _atext
_btxt
_2rdacontent
337 _aunmediated
_bn
_2rdamedia
338 _avolume
_bnc
_2rdacarrier
490 0 _aİletişim Yayınları; 960.
_aÇağdaş Türkçe Edebiyat; 133.
_aToplu Eserleri; 1
650 0 _aTurkish fiction
_97165
650 7 _aTürk romanı
_2etuturkob
_99421
902 _a0002983
942 _cBK
_2lcc
999 _c200467050
_d85262